000 00485nam a2200181Ia 4500
005 20250326141133.0
008 250326s9999 xx 000 0 und d
037 _aTextbook
040 _aFMSL
_beng
_cFMSL
041 _aeng
_2eng
084 _qFMSL
100 _aLloyd P
_9743796
245 0 _aTransprning organizations through group war
_cLloyd P; Whitehead R
260 _aNew York
_bNew York, Springer
_c1996
300 _a215p
942 _cTB
999 _c1288870
_d1288870